| 000 | 00800nam a2200193 a 4500 | ||
|---|---|---|---|
| 008 | 071114s2002 ||||||||||||||||| || u | ||
| 020 | _a0821348779 | ||
| 050 | _aIBRD(058) | ||
| 110 | _aWorld Bank | ||
| 245 | 1 | 0 |
_aConsulting services manual: a comprehensive guide to the selection of Consultants _cBy World Bank |
| 260 |
_aWashington, D. C. _bWorld Bank _c2002 |
||
| 300 | _axii, 206p. : ill. | ||
| 350 | _a0.00 | ||
| 650 | _aTECHNICAL ASSISTANCE -- HANDBOOKS, MANUALS | ||
| 650 | _aWORLD BANK--HANDBOOKS, MANUALS, ETC | ||
| 650 | _aECONOMIC ASSISTANCE--HANDBOOKS, MANUALS | ||
| 650 | _aBUSINESS CONSULTANTS--DEVELOPING COUNTRIES | ||
| 995 |
_D0.00 _FCBU-MAIN LIBRARY (Kitwe) _H1 _I0.00 _M1 _UAVAILABLE _WNov 14, 2007 _ZInternational Publications |
||
| 999 |
_c38579 _d38579 |
||